000 00317nam a2200145Ia 4500
008 191201s2012 xx 000 0 und d
082 _a006.3
_bHAD
100 _aHAN, Jiawei
245 0 _aData Mining
250 _a3rd
260 _aN.Delhi
_bElsevier
_c2012
300 _a703
650 _aMCA
942 _2ddc
_cBK
_031
999 _c5121
_d5121